| 000 | nam a22 7a 4500 | ||
|---|---|---|---|
| 999 |
_c15307 _d15307 |
||
| 008 | 161028b xxu||||| |||| 00| 0 eng d | ||
| 050 | _a078080421-X | ||
| 050 | _a9780780804210 | ||
| 050 | _aRD 93 .I55 2002 | ||
| 100 | _aShannon, Joyce Brennfleck | ||
| 245 |
_aInjury and trauma sourcebook : _bbasic consumer health information about the impact of injury, the diagnosis and treatment of common and traumatic injuries, emergency care, and specific injuries related to home, community,workplace, transportation, and recreation along wit guidelines for injury prevention, a glossary, and a director of additional resources/ _cJoyce Brennfleck Shannon |
||
| 260 |
_aDetroit, MI : _b Omnigraphics, _c©2002. |
||
| 300 |
_axiii, 696p. : _bill. ; _c23cm. |
||
| 500 | _aIncludes bibliography and index. | ||
| 650 |
_aWounds and injuries _xpopular works. |
||
| 650 |
_aWounds and injuries _xresource guides. |
||
| 650 |
_aAccident prevention _xpopular works. |
||
| 650 |
_aAccident prevention _xresource guides. |
||
| 942 |
_2lcc _cREF_BOOK _hRD 93 .I55 2002 |
||